00000000nam 2200000zi 4500
0019.946344
003CaOODSP
00520250120152024
006m     o  d f      
007cr |n|||||||||
008241219t20252025oncda   obs  f00| 0 eng d
020 |a9780660750217
040 |aCaOODSP|beng|erda|cCaOODSP
043 |an-cn---
0861 |aHP40-377/2025E-PDF
24500|aViral hepatitis estimates among key populations, Canada, 2021.
264 1|a[Ottawa] : |bPublic Health Agency of Canada = Agence de la santé publique du Canada, |c2025.
264 4|c©2025
300 |a1 online resource (1 page) : |bcharts, illustrations
336 |atext|btxt|2rdacontent
337 |acomputer|bc|2rdamedia
338 |aonline resource|bcr|2rdacarrier
500 |aIssued also in French under title: Estimations de l'hépatite virale chez les populations clés, Canada, 2021.
504 |aIncludes bibliographical references.
650 0|aHepatitis, Viral|zCanada|vStatistics.
655 7|aInfographics|2lcgft
655 7|aStatistics|2lcgft
7102 |aPublic Health Agency of Canada, |eissuing body.
77508|tEstimations de l'hépatite virale chez les populations clés, Canada, 2021.|w(CaOODSP)9.946345
85640|qPDF|s151 KB|uhttps://publications.gc.ca/collections/collection_2025/aspc-phac/HP40-377-2025-eng.pdf
8564 |qHTML|sN/A|uhttps://www.canada.ca/en/public-health/services/publications/diseases-conditions/viral-hepatitis-estimates-key-populations-2021.html